| 000 | 00545nas a2200217 a 4500 | ||
|---|---|---|---|
| 001 | 66205 | ||
| 003 | 139035 | ||
| 005 | 20201118110256.0 | ||
| 008 | ||||||n9999 ||| || || | ||
| 041 | _aspa | ||
| 245 | 0 | _aDiálogo Científico - Vol.7 No.2 | |
| 260 |
_aAlemania : _bInstituto de Colaboracion Cientifica, _c1998. |
||
| 562 | _e1 | ||
| 650 | _aBIBLIOGRAFIA | ||
| 650 | _aDERECHOS | ||
| 650 | _aDESARROLLO CIENTIFICO | ||
| 650 | _aECONOMÍA | ||
| 650 | _aSOCIEDADES | ||
| 773 |
_034947 _aDiálogo Científico |
||
| 942 | _cSISS | ||
| 999 |
_c66205 _d66205 |
||